The heart of leader : insights on the art of influence

Bibliographic Details
Main Author: Blanchard, Ken
Format: Book
Published: Ahmedabad : Jaico Publishing House , 2010
Subjects:

MARC

LEADER 00000cam a2200000 7i4500
001 0000141474
005 20100824.0
020 |a 9788184950618 
090 0 0 |a 658.4092   |b BLA 
100 1 |a Blanchard, Ken 
245 1 4 |a The heart of leader :   |b insights on the art of influence   |c Ken Blanchard 
260 |a Ahmedabad :   |b Jaico Publishing House ,   |c 2010 
300 |a 192p. ;   |c 22cm. 
650 0 0 |a Leadership 
650 0 0 |a Leadership   |x Moral and ethical aspects 
999 |a 00238942   |b BUKU   |c PINJAMAN   |e PERPUSTAKAAN KOMUNITI PETALING JAYA